000
00312nam a22001457a 4500
020
_a
81-304-0043-X
082
_a
001
_b
DUA/P
100
_a
PUSHPA SINHA
245
_a
THE PRIME MINISTERS OF INDIA
250
_a
FIRST
260
_a
DELHI
_c
2004
300
_a
192
650
_a
PRIME MINISTERS
_z
DELHI
942
_c
BK
999
_c
6546
_d
6546